El brutalismo en arquitectura : ¿ética o estética? /

El brutalismo fue una expresión arquitectónica de la década de 1950 cuya característica más sobresaliente era dejar a la vista los elementos de construcción, tales como vigas, ladrillos, tuberías, conductores y otras instalaciones. Esta corriente tuvo su principio en el estilo de Mies van der Rohe y...

Popoln opis

Shranjeno v:
Bibliografske podrobnosti
Glavni avtor: Banham, Reyner (autor)
Drugi avtorji: Cirlot, Juan Eduardo (traducción) (traducción)
Format: Knjiga
Jezik:španščina
Izdano: Barcelona, España : Gustavo Gili, 1967, c1967
Teme:
Oznake: Označite
Brez oznak, prvi označite!

MARC

LEADER 00000nam^a2200000^a^4500
001 000018175
005 20250521000000.0
009 20260310084207.213
037 |a Acervo ITESO - Biblioteca 
041 |a ESP 
082 |a 724. 6  |b BAN 
100 |a Banham, Reyner  |e (autor) 
240 1 4 |a [El brutalismo en arquitectura: ¿ética o estética?] 
245 1 3 |a El brutalismo en arquitectura :  |b ¿ética o estética? /  |c R. Banham ; tr. por J.E. Cirlot. 
264 4 |a Barcelona, España :  |b Gustavo Gili,  |c 1967, c1967 
300 |a 196 p. 
336 |a texto  |b txt  |2 rdacontenido 
337 |a sin mediación  |b n  |2 rdamedio 
338 |a volumen  |b nc  |2 rdasoporte 
520 |a El brutalismo fue una expresión arquitectónica de la década de 1950 cuya característica más sobresaliente era dejar a la vista los elementos de construcción, tales como vigas, ladrillos, tuberías, conductores y otras instalaciones. Esta corriente tuvo su principio en el estilo de Mies van der Rohe y una de las primeras obras que se pueden considerar brutalistas, es la Escuela Hunstanton, en inglaterra (1954). 
649 |a XX 
650 |a Arquitectura Brutalista -  |x Tema Principal 
650 |a Arquitectura Moderna -  |x Historia y Crítica 
650 |a Arte Moderno -  |x Historia y Crítica 
650 |a Arte -  |x Historia y Crítica 
700 |a Cirlot, Juan Eduardo  |e (traducción) 
910 |a Fondo General 
920 |a Impresos - Libros 
930 |a Colección General 
905 |a 101 
901 |a 0500156342  |b IT1  |c ACC  |i 018175  |u 20250521 
902 |a https://opac.biblio.iteso.mx/vufind/Record/000018175